| 000 | 00721nam a22002057a 4500 | ||
|---|---|---|---|
| 999 |
_c79689 _d79689 |
||
| 005 | 20190107172344.0 | ||
| 010 | _aB-495570-592 | ||
| 020 |
_a9789350514597 _c425.00 |
||
| 035 | _aB-495570-592 | ||
| 037 | _bHPH/Ven | ||
| 082 | _a158.3 | ||
| 100 | _aJawahar,Lal | ||
| 245 |
_aFinancial accounting: _bfor B.Com. of University of Delhi / _cby Jawahar Lal and Seema Srivastava |
||
| 260 |
_aMumbai _bHimalaya Publishing House _c2012 |
||
| 270 |
_aRamdoot, Dr. Bhalerao Marg, Girgaon _bMumbai _e400004 |
||
| 300 |
_a715p. _c30cm(pbk) |
||
| 700 | _aSrivastava, Seema | ||
| 942 |
_2ddc _cEN _kLAL _h657.48 |
||